Design research through practice : from the lab, field, and showroom /

Saved in:
Bibliografiske detaljer
Main Authors: Koskinen, Ilpo (Author), Zimmerman, John (Author), Binder, Thomas (Author), Redström, Johan (Author), Wensveen, Stephan (Author)
Format: Bog
Sprog:engelsk
Udgivet: Waltham, MA , USA: Morgan Kaufmann/Elsevier, 2011.
Fag:
Tags: Tilføj Tag
Ingen Tags, Vær først til at tagge denne postø!

MARC

LEADER 00000cam a22000004a 4500
001 16919912
003 CL-VaPUC
005 20241126163324.0
008 110815s2011 maua b 001 0 eng
999 |c 445031  |d 445029 
010 |a  2011028705 
016 7 |a 015859700  |2 Uk 
020 |a 9780123855022 
020 |a 0123855020 
035 |a (OCoLC)ocn714729504 
040 |a DLC  |c Pontificia Universidad Católica de Valparaíso  |d YDX  |d BTCTA  |d YDXCP  |d UKMGB  |d CDX  |d DLC 
042 |a pcc 
050 0 0 |a TS170  |b .D47 2011 
082 0 0 |a 745.2 KOS 2011  |2 23 
100 |a Koskinen, Ilpo  |9 892106  |e author 
245 0 0 |a Design research through practice :  |b from the lab, field, and showroom / 
260 |a Waltham, MA , USA:  |b Morgan Kaufmann/Elsevier,  |c 2011. 
300 |a xvii, 204 páginas :  |b ilustraciones  
504 |a Includes bibliographical references and index. 
505 0 |a 1.Constructive design research. 2.The coming age of constructive design research. 3.Research programs. 4.Lab : can you really study design in a laboratory? 5.Field : how to follow design through society. 6. Showroom : research meets design and art. 7.How to work with theory. 8.Design things : models, scenarios, prototypes. 9.Constructive design research in society. 10.Building research programs. 
583 |c 20241114 
650 0 |a Diseño industrial  |9 262726 
700 |a Zimmerman, John  |e author  |9 893812 
700 |a Binder, Thomas  |e author  |9 893813 
700 |a Redström, Johan   |e author  |9 893814 
700 |a Wensveen, Stephan   |e author  |9 893815 
942 |2 ddc  |c BK 
952 |0 0  |1 0  |2 ddc  |4 0  |6 745_200000000000000_KOS_2011  |7 0  |8 A  |9 598017  |a BIBARQ  |b BIBARQ  |d 2024-11-14  |e 3  |g 64793.21  |i 5663269  |l 1  |o 745.2 KOS 2011  |p 5663269  |r 2025-05-09  |s 2025-04-11  |t 1  |v 64793.21  |w 2024-11-14  |y BK  |k MAD